A Food and Beverage részleg bemutatása a Floresta Hotelben

Bibliográfiai részletek
Szerző: Pethő Rita
További közreműködők: Karakasné Morvay Dr. Klára
Dokumentumtípus: Projektmunka
Kulcsszavak:F&B
Szállodai vendéglátás
SWOT elemzés
Online Access:http://dolgozattar.uni-bge.hu/17380

MARC

LEADER 00000nnm a2200000 i 4500
001 dolg17380
005 20180917162626.0
008 180518suuuu hu o 000 hun d
040 |a BGE Dolgozattár Repozitórium  |b hun 
041 |a hu 
100 1 |a Pethő Rita 
245 1 2 |a A Food and Beverage részleg bemutatása a Floresta Hotelben  |c Pethő Rita  |h [elektronikus dokumentum] 
516 |a Project_work 
695 |a F&B 
695 |a Szállodai vendéglátás 
695 |a  SWOT elemzés 
700 1 |a Karakasné Morvay Dr. Klára  |e ths 
856 4 0 |u http://dolgozattar.uni-bge.hu/17380/1/Projectmunka%20%281%29.pdf  |z Dokumentum-elérés